=LDR 00000nam 2200000 4500 =001 INLIS000000000009019 =005 20200305071647 =035 ##$$a 0010-061300000009019 =008 200305###########################0#ind## =041 ##$$a Ind =082 ##$$a 021.6 =090 ##$$a 021.6, Set-p =100 ##$$a Setianto, Bambang =245 1#$$a Penerapan tekhnologi Informasi dalam Sistem Dokumentasi dan perpustakaan /$c Bambang setiarso; Penyunting, Triyono =260 ##$$a Jakarta :$b Gramedia,$c 1997 =300 ##$$a Viii, 148 hlm : $b Ilus ; $c 14 x 21 Cm =650 #4$$a Jaringan informasi perpustakaan =850 ##$$a NBPNMAT =020 ##$$a 979-669-279-1 =084 ##$$a 021.6 SET p =504 ##$$a Bibliografi : hlm. 147 =990 ##$$a 170. 534/ Pro- 2002 =990 ##$$a 170. 585/ Pro- 2002 =990 ##$$a DW00027762